International cartels in business history : Proceedings of the Fuji Conference

Spremljeno u:
Bibliografski detalji
Glavni autor: Kudō, Akira
Format: Knjiga
Jezik:Undetermined
Izdano: Tokyo University of Tokyo Press 1992
Teme:
Oznake: Dodaj oznaku
Bez oznaka, Budi prvi tko označuje ovaj zapis!
Thư viện lưu trữ: Trung tâm Học liệu Trường Đại học Cần Thơ
LEADER 00580nam a2200205Ia 4500
001 CTU_97978
008 210402s9999 xx 000 0 und d
082 |a 330.09 
082 |b K95 
100 |a Kudō, Akira 
245 0 |a International cartels in business history : 
245 0 |b Proceedings of the Fuji Conference 
245 0 |c Akira Kudō, Terushi Hara 
260 |a Tokyo 
260 |b University of Tokyo Press 
260 |c 1992 
650 |a Cartels 
650 |x History,Congresses 
904 |i Hiếu 
980 |a Trung tâm Học liệu Trường Đại học Cần Thơ